|
|
|
|
| LEADER |
01044nam a2200265 a 4500 |
| 001 |
1406885 |
| 008 |
090712r19861983nyuaf b 001 0 eng d |
| 010 |
|
|
|a 83020224
|
| 020 |
|
|
|a 0333269217 (hc)
|
| 020 |
|
|
|a 0333269225 (pb)
|
| 040 |
|
|
|a DLC
|c DLC
|d DLC
|
| 082 |
0 |
0 |
|a 820/.9/007
|2 19
|
| 100 |
1 |
|
|a Stonyk, Margaret.
|
| 245 |
1 |
0 |
|a Nineteenth-century English literature /
|c Margaret Stonyk.
|
| 250 |
|
|
|a 1st American ed.
|
| 260 |
|
|
|a New York :
|b Schocken Books,
|c 1986 [reprinted 1986]
|
| 300 |
|
|
|a xi, 307 p., [16] pages of plates :
|b ill. ;
|c 23 cm.
|
| 490 |
1 |
|
|a History of literature series
|
| 504 |
|
|
|a Includes Bibliography: p. [274]-279. and index.
|
| 541 |
1 |
|
|e 00016608
|
| 650 |
|
0 |
|a English literature
|y 19th century
|x History and criticism.
|
| 740 |
0 |
|
|a 19th century English literature.
|
| 852 |
4 |
|
|a Ayesha Abed Library
|j General Shelf.
|
| 999 |
|
|
|c 2290
|d 2290
|
| 952 |
|
|
|0 0
|1 0
|2 ddc
|4 0
|6 820_900700000000000_STO
|7 0
|9 2114
|a BRACUL
|b BRACUL
|c GEN
|d 2009-07-12
|g 595.00
|l 2
|m 6
|o 820.9007 STO
|p 3010016608
|r 2014-09-27
|s 2014-08-21
|t 1
|w 2009-07-12
|y BK
|